Music Quiz

Random Music or Clip Quiz

Musical guests on Sesame Street by Clip Quiz Stats

Quiz not verified by Sporcle

Challenge
Share
Tweet
Score 0/40 Timer 12:00
0 Plays Today
Time Musical Guest % Correct
2:56Katy Perry
86.9%
0:28One Direction
81.3%
2:10Johnny Cash
81%
0:00Jason Mraz
80.7%
1:25Tom Higgenson
73.4%
2:02James Blunt
72.2%
1:01Destiny's Child
70.9%
3:58Alicia Keys
69.4%
3:14Bruno Mars
67.3%
0:18R.E.M.
66.4%
4:16Macklemore
65.7%
1:33Billy Joel
63.6%
4:26Norah Jones
61.2%
3:50Spin Doctors
57.5%
1:10Ray Charles
51.1%
1:43Train
50.5%
3:04James Taylor
48%
2:19Goo Goo Dolls
45%
5:11Feist
44%
4:36Tony Bennett
42.2%
Time Musical Guest % Correct
5:03Hootie and the Blowfish
41.6%
4:07Andrea Bocelli
39.8%
3:32Elvis Costello
36.4%
0:43Usher
36.1%
0:09Smokey Robinson
30.6%
3:42Dixie Chicks
29.4%
5:20Pharrell Williams
26.9%
2:28will.i.am
24.8%
3:22Dave Matthews
23.9%
0:51Little Richard
23.5%
5:29LL Cool J
23.5%
5:39Sara Bareilles
18.7%
4:54Chris Brown
17.1%
1:17Gwen Stefani
16.8%
1:52Celine Dion
16.5%
4:45Loretta Lynn
16.5%
0:36Patti Labelle
14.7%
2:37Tracy Chapman
14.4%
5:49Helen Reddy
12.2%
2:47Jessica Mauboy
4%

You're not logged in!

Compare scores with friends on all Sporcle quizzes.
Join for Free
OR
Log In

You Might Also Like...

Show Comments

Extras

Top Quizzes Today


Score Distribution

Your Account Isn't Verified!

In order to create a playlist on Sporcle, you need to verify the email address you used during registration. Go to your Sporcle Settings to finish the process.

Report this User

Report this user for behavior that violates our Community Guidelines.

Details: